000
00218nam a2200097Ia 4500
008
191206s9999 xx 000 0 und d
090
_a
P106S773
245
0
_a
Real Presences
260
_a
Faber and Faber
260
_c
c1989
999
_c
16772
_d
16772